Food safety (Record no. 8640)

000 -LEADER
fixed length control field 00224nam a22001217a 4500
040 ## - CATALOGING SOURCE
Transcribing agency SK
082 ## - DEWEY DECIMAL CLASSIFICATION NUMBER
Classification number 614
100 ## - MAIN ENTRY--AUTHOR NAME
Personal name BUNTONG BORARIN
245 ## - TITLE STATEMENT
Title Food safety
260 ## - PUBLICATION, DISTRIBUTION, ETC. (IMPRINT)
Place of publication RUA
Name of publisher BUN
Year of publication 2011
300 ## - PHYSICAL DESCRIPTION
Number of Pages 101p.
942 ## - ADDED ENTRY ELEMENTS (KOHA)
Koha item type សៀវភៅភាសាអង់គ្លេស
952 ## - LOCATION AND ITEM INFORMATION (KOHA)
Withdrawn status [LOCAL, KOHA] 0
Holdings
Permanent Location Date acquired Koha item type Lost status Shelving location Barcode Current Location Full call number
Library Block C2016-08-08សៀវភៅភាសាអង់គ្លេស C244RUA045265Library Block C614 BUN 2011 C244
មជ្ឈមណ្ឌលឯការនៃសាកលវិទ្យាល័យភូមិន្ទកសិកម្មចំការដូង

Powered by Koha